00606nam a2200193Ia 4500008004100000040001900041041001200060082002500072100002100097245005000118260003900168300002300207504001900230650000900249651003300258942000700291999001600298952009800314131103s9999 xx 000 0 und d aLoreto College aEnglish a341/HINbLCLIB/26677 aHingorani, R. C. aStudies in international lawcR. C. Hingorani aNew DelhibOxford & IBH Pubcc1980 av,115 p. c 22 cm. aIncludes index aLaw  aInternational Law - Politics cBK c9680d60159 00104070aMAINbMAINd2013-11-04l0o341/HIN LCLIB/26677pB9558r2013-11-04w2013-11-04yBK